Diario del padre fray Gaspar José de Solis en su visita a las misiones de Texas, 1768 /

Diario del padre fray Gaspar José de Solís (1710-1785), religioso formado en el colegio de Nuestra Señora de Guadalupe de Zacatecas, sobre su viaje a la provincia y misiones de Texas en los años 1767-1768, en calidad de visitador oficial.

Gardado en:
Detalles Bibliográficos
Autor Principal: Solís, Gaspar José de (autor)
Outros autores: Cervantes, Rafael (introducción y notas) (introducción y notas)
Formato: Libro
Idioma:Lingua castelá
Publicado: Guadalajara, México : Font, 1981, c1981
Series:(Documentación Histórica Mexicana ; 7)
Temas:
Etiquetas: Engadir etiqueta
Sen Etiquetas, Sexa o primeiro en etiquetar este rexistro!

MARC

LEADER 00000nam^a2200000^a^4500
001 000099938
005 20250521000000.0
009 20260310093145.898
037 |a Acervo ITESO - Biblioteca 
041 |a ESP 
082 |a 972. 03  |b SOL 
100 |a Solís, Gaspar José de  |e (autor) 
245 1 0 |a Diario del padre fray Gaspar José de Solis en su visita a las misiones de Texas, 1768 /  |c G.J. de Solís ; introd. y notas de R. Cervantes. 
264 4 |a Guadalajara, México :  |b Font,  |c 1981, c1981 
300 |a 91 p. 
336 |a texto  |b txt  |2 rdacontenido 
337 |a sin mediación  |b n  |2 rdamedio 
338 |a volumen  |b nc  |2 rdasoporte 
440 1 |a (Documentación Histórica Mexicana ;  |v 7) 
520 |a Diario del padre fray Gaspar José de Solís (1710-1785), religioso formado en el colegio de Nuestra Señora de Guadalupe de Zacatecas, sobre su viaje a la provincia y misiones de Texas en los años 1767-1768, en calidad de visitador oficial. 
649 |a XX 
650 |a Religiosos Mexicanos -  |x Memorias 
650 |a Franciscanos Mexicanos -  |x Memorias 
650 |a Franciscanos en Texas, EUA 
650 |a Franciscanos en EUA 
650 |a Franciscanos en México 
650 |a Monasticismo y Ordenes Religiosas -  |z Texas, EUA -  |x Historia 
650 |a Monasticismo y Ordenes Religiosas -  |z EUA -  |x Historia 
650 |a Monasticismo y Ordenes Religiosas -  |z México -  |x Historia 
650 |a Misiones -  |z Texas, EUA -  |x Historia 
650 |a Misiones -  |z EUA -  |x Historia 
650 |a Misiones -  |z México -  |x Historia 
650 |a Iglesia Católica en Texas, EUA -  |x Historia 
650 |a Iglesia Católica en EUA -  |x Historia 
650 |a Iglesia Católica en México -  |x Historia 
650 |a Texas, EUA -  |x Historia -  |y Siglo XVIII 
650 |a EUA -  |x Historia -  |y Siglo XVIII 
650 |a México -  |x Historia -  |y Siglo XVIII 
650 |a México -  |x Historia -  |y Virreinato, 1535-1821 
650 |a México -  |x Historia -  |y Epoca Colonial, 1517-1821 
700 |a Cervantes, Rafael  |e (introducción y notas) 
910 |a Fondo Jesús Rodríguez 
920 |a Impresos - Libros 
930 |a Fondos Especiales 
905 |a 113 
901 |a 0500036007  |b IT2  |c ESP  |u 20250521 
902 |a https://opac.biblio.iteso.mx/vufind/Record/000099938